Les 20 plus gros transferts de Lyon - Arrivés - Statistiques

Statistiques générales
  • Ce quiz a été pris 36 fois
  • Le résultat moyen est 13 sur 20
Statistiques - réponses
Club Saison Valeurs nom % Correct
3 Angers SCO 19/20 25 M Jeff Reine-Adélaïde
88%
2 RWD Molenbeek 24/25 28.50 M Ernest Nuamah
81%
1 Nottingham Forest 24/25 31.90 M Moussa Niakhaté
81%
14 Fc Metz 24/25 18.50 M Georges Mikautadze
78%
5 Fc Porto 09/10 24 M Lisandro Lopez
78%
7 Ac Milan 20/21 23 M Lucas Paqueta
78%
12 La Gantoise 23/24 19.50 M Malick Fofana
78%
9 Girondin Bordeaux 10/11 22 M Yoann Gourcuff
78%
11 Athletico - PR 19/20 20 M Bruno Guimaraes
75%
6 Nottingham Forest 24/25 23.40 M Orel Mangala
72%
18 Manchester United 16/17 16 M Memphis Depay
69%
10 Celitc Glasgow 18/19 22 M Moussa Dembélé
66%
13 Barcelone 99/00 19 M Sonny Anderson
66%
4 Sampdoria 19/20 24 M Joachim Andersen
63%
20 Stade Brestois 21/22 15 M Romain Faivre
63%
8 Losc Lille 19/20 22 M Thiago Mendes
63%
15 Losc Lille 09/10 18 M Michel Bastos
50%
16 Losc Lille 07/08 16.80 M Abdul Kader Keita
34%
19 Cruzeiro 05/06 15.60 M Fred
34%
17 Fc Porto 09/10 16.20 M Aly Cissokho
25%
Aucun quiz correspondant
Distribution des résultats
% des personnes avec chaque résultat
Percentile par nombre de réponses
Votre historique - résultats
Vous n’avez pas pris ce quiz